002140000a220007300045001000015000002450049000153000053000647730023001171 aStam, Juan10aLas sanciones económicas de la Gran Bestia aVol. 15, Num 1, (Julio, 1995), Páginas 132-1440 tVida y pensamiento